000 00355nam a2200157Ia 4500
008 230524s9999 xx 000 0 und d
082 _a531
_bKAZ
100 _aS M A Kazimi
245 0 _aSolid Mechanics
250 _a1ST
260 _aNEW DELHI
_bTMH
_c2002
300 _aXV;439
500 _aQuantity Number: 2
650 _aMechanics
942 _cBK
999 _c31175
_d31175